00813nam a22001337a 4500008004100000020001900041050001900060100002300079245010300102260005000205300003300255500002000288505037100308120724t xxu||||| |||| 00| 0 eng d a97780619215590 aQA76.9.D314.A9 aAfyouni, Hassan A. aDatabase security and auditing: protecting data integrity and accessibility. /cHassan A. Afyouni. aAustralia:bThomson Course Technology,c2006. axviii, 429 p.:bill.;c24cm. aIncludes index. aContents: Introduction -- Security architecture -- Operating system security fundamentals -- Adminstration of users -- Profiles, password policies, privileges and roles -- Database application security models -- Virtual private databases -- Database auditing models -- Application data auditing -- Auditing database activities -- Security and auditing project cases.